La policía frente al código procesal penal
Saved in:
| Hovedforfatter: | |
|---|---|
| Format: | Bog |
| Sprog: | spansk |
| Udgivet: |
Santiago
Jurídica
2008
|
| Udgivelse: | 1a. ed |
| Fag: | |
| Tags: |
Tilføj Tag
Ingen Tags, Vær først til at tagge denne postø!
|
MARC
| LEADER | 00000nam a2200000 a 4500 | ||
|---|---|---|---|
| 001 | UCH0176 | ||
| 003 | CL-VaPUC | ||
| 008 | 090115e20080000CL |||||||||||||||||spa|d | ||
| 020 | |a 9789561018891 | ||
| 082 | 0 | 4 | |a 345.8305 |b OTE |2 21 |
| 100 | |a Otero Lathrop, Miguel |e autor |9 616439 | ||
| 245 | 1 | 3 | |a La policía frente al código procesal penal |
| 250 | |a 1a. ed | ||
| 300 | |a 148 p | ||
| 942 | |c BK | ||
| 945 | |d 20090115 00:00:00 |a jtorresc | ||
| 260 | |a Santiago |b Jurídica |c 2008 | ||
| 650 | 0 | |a Administración de justicia |9 382749 | |
| 650 | 0 | |a Derecho procesal penal |9 256392 | |
| 650 | 0 | |a Derecho constitucional |9 222588 | |
| 650 | 0 | |a Policías |9 454323 | |
| 650 | 0 | |a Ministerio público |9 332891 | |
| 651 | 7 | |a CHILE |2 CL-VaPUC |9 534321 | |
| 583 | |a last modification |c 20170426 04:32:18 |k Rodrigo Vera | ||
| 999 | |c 332537 |d 332535 | ||
| 952 | |0 0 |1 0 |4 0 |6 345_830500000000000_OTE_2008 |7 0 |8 A |9 420326 |a BIBDER |b BIBDER |d 2019-11-22 |i 4512669 |l 3 |o 345.8305 OTE 2008 |p 4512669 |r 2024-11-08 |s 2024-11-08 |w 2019-11-22 |y BK |k DER | ||